You wouldn't want to sail on the Titanic! : (Record no. 1615)
[ view plain ]
| 000 -LEADER | |
|---|---|
| fixed length control field | 01077cam a2200301 i 4500 |
| 005 - DATE AND TIME OF LATEST TRANSACTION | |
| control field | 20231211150602.0 |
| 020 ## - INTERNATIONAL STANDARD BOOK NUMBER | |
| International Standard Book Number | 9780531259498 (library binding : alk. paper) |
| 020 ## - INTERNATIONAL STANDARD BOOK NUMBER | |
| International Standard Book Number | 0531186423 |
| 020 ## - INTERNATIONAL STANDARD BOOK NUMBER | |
| International Standard Book Number | 9780531245057 (pbk. : alk. paper) |
| 040 ## - CATALOGING SOURCE | |
| Original cataloging agency | DLC |
| Language of cataloging | eng |
| Transcribing agency | DLC |
| Description conventions | rda |
| Modifying agency | DLC |
| 050 00 - LIBRARY OF CONGRESS CALL NUMBER | |
| Classification number | G530.T6 |
| Item number | S824 2013 |
| 082 00 - DEWEY DECIMAL CLASSIFICATION NUMBER | |
| Classification number | 910.9163/4 |
| Edition number | 23 |
| 100 1# - MAIN ENTRY--PERSONAL NAME | |
| Personal name | Stewart, David, |
| Dates associated with a name | 1954- |
| 245 10 - TITLE STATEMENT | |
| Title | You wouldn't want to sail on the Titanic! : |
| Remainder of title | one voyage you'd rather not make / |
| Statement of responsibility, etc. | written by David Stewart ; illustrated by David Antram. |
| 250 ## - EDITION STATEMENT | |
| Edition statement | Revised edition. |
| 260 ## - PUBLICATION, DISTRIBUTION, ETC. | |
| Place of publication, distribution, etc. | New York : |
| Name of publisher, distributor, etc. | Scholastic, |
| Date of publication, distribution, etc. | 2001 |
| 300 ## - PHYSICAL DESCRIPTION | |
| Extent | 32 pages ; |
| Dimensions | 25 cm. |
| 490 0# - SERIES STATEMENT | |
| Series statement | You wouldn't want to... |
| 505 ## - FORMATTED CONTENTS NOTE | |
| Formatted contents note | S |
| 520 ## - SUMMARY, ETC. | |
| Summary, etc. | Offers a humorous but factual look at the ill-fated voyage of the R.M.S. Titanic. |
| 521 ## - TARGET AUDIENCE NOTE | |
| Target audience note | 940 <br/> |
| Source | Lexile IG |
| 521 ## - TARGET AUDIENCE NOTE | |
| Target audience note | S <br/> |
| Source | Raz-Plus |
| 650 #0 - SUBJECT ADDED ENTRY--TOPICAL TERM | |
| Topical term or geographic name entry element | Shipwrecks |
| Geographic subdivision | North Atlantic Ocean |
| Form subdivision | Juvenile literature. |
| 700 1# - ADDED ENTRY--PERSONAL NAME | |
| Personal name | Antram, David, |
| Dates associated with a name | 1958- |
| Relator term | illustrator. |
| 906 ## - LOCAL DATA ELEMENT F, LDF (RLIN) | |
| a | 7 |
| b | cbc |
| c | orignew |
| d | 1 |
| e | ecip |
| f | 20 |
| g | y-gencatlg |
| 942 ## - ADDED ENTRY ELEMENTS (KOHA) | |
| Source of classification or shelving scheme | Dewey Decimal Classification |
| Koha item type | Books |
| Suppress in OPAC | No |
| 999 ## - | |
| -- | 1615 |
| -- | 1615 |
| Withdrawn status | Lost status | Source of classification or shelving scheme | Damaged status | Not for loan | Collection | Home library | Current library | Shelving location | Date acquired | Total Checkouts | Full call number | Barcode | Date last seen | Price effective from | Koha item type |
|---|---|---|---|---|---|---|---|---|---|---|---|---|---|---|---|
| Dewey Decimal Classification | Non-Fiction | Footprints International School Library Network Toul Kork Campus | Footprints International School Library Network Toul Kork Campus | 09/11/2023 | STE 910.91634 G530.T6 | FISTK05512 | 09/11/2023 | 09/11/2023 | Books |
